000 01077pam a2200361 a 4500
001 9080
003 FISKH
005 20251119085219.0
008 980312s1999 nyua a 000 1 eng
010 _a 98003668
020 _a0590642308
020 _a9780590642309
035 _a724250
040 _aDLC
_cDLC
_dDLC
_beng
050 0 0 _aPZ7.W64816
_bIag 1999
082 _a028
100 1 _aWilhelm, Hans,
_d1945-
245 1 0 _aI lost my tooth! /
_cby Hans Wilhelm.
260 _aNew York :
_bScholastic,
_c1999.
300 _a30 unnumbered pages :
_bcolor illustrations ;
_c23 cm
440 0 _aHello reader!
_nLevel 1
500 _a"Cartwheel books."
505 _aE
520 _aWhen Puppy's tooth comes out and he loses it, he figures out a way to get treats from the Tooth Fairy anyway.
521 _a260
_bLexile estimate
521 _aE
_bRaz-Plus
650 1 _aDogs
_xFiction.
650 1 _aTooth Fairy
_xFiction.
650 1 _aTeeth
_xFiction.
906 _a7
_bcbc
_corignew
_d1
_eocip
_f19
_gy-gencatlg
942 _2ddc
_cBK
_n0
999 _c9080
_d9080